000 00638nam a2200229Ia 4500
003 OSt
005 20221002050626.0
006 a|||||r|||| 00| 0
007 ta
008 220930b |||||||| |||| 00| 0 eng d
024 _a16822
037 _cReference Collections
040 _aCRL
_cCRL
_beng
041 _2eng
_aeng
082 _az5, J2.42 (RR)
245 0 _aGreat books of the Western World ed by Robert Moynard Hutohipe
260 _aChieago
_bEncyclopaedia Britannia
_c1952
300 _a613p
_ccm.
650 _aGENERALIA
942 _hz5, J2.42 (RR)
_cref
_2CC
999 _c915059
_d915059